00693nam a22002177a 4500003000400000008004100004082001700045100001600062245009600078260006800174300000900242502001700251650001700268650001300285650001200298650001100310650001100321942001100332999001700343952011500360OSt260420b |||||||| |||| 00| 0 eng d a634.44bP27B aPawan Kumar aBearing Behaviour of Some Coloured Mango (Mangifera indica L.) Varieties / cby Pawan Kumar a.- Sabour, Bhagalpurb: Bihar Agricultural College, RAUc, 2003 a84p. bPh. D.d2003 aHorticulture aPomology aMangoes aThesis aPh. D. 2ddccT c50096d50096 00102ddc4070aRAUbRAUd2026-05-02eby Authorg0.00o634.44 P27Bp50096-ULr2026-05-02w2026-05-02yTkGift